Tadej Pogacar's palmares - Statistics

General Stats
  • This quiz has been taken 413 times
  • The average score is 7 of 21
Answers on the Grid
Answers color-coded by a green-red scale on the quiz's grid according to % correct below.
Tour de France
Giro d'Italia
La Vuelta a España
World Championships Road Race
World Championships ITT
Olympic Games Road Race
Olympic Games Road Race
European Championships Road Race
European Championships Road Race
Milano San remo
Ronde van Vlaanderen
Paris Roubaix
Liège Bastogne Liège
Il Lombardia
Strade Bianche
Amstel Gold Race
Gent-Wevelgem
La Fleche Wallone
E3 Saxo Classic
Donostia San Sebastian Klasikoa
Classic Brugge-De Panne
Eschborn-Frankfurt
Dwars door Vlaanderen
BEMER Cyclassics
GP of Québec
GP of Montreal
Omloop Nieuwsblad
Bretagne Classic - Ouest-France
Cadel Evans Great Ocean Road Race - Men
Paris Nice
Tirreno Adriatico
Volta Ciclista a Catalunya
Itzulia Basque Country
Critérium of Dauphiné
Tour de Suisse
Tour of Romandie
Tour de Pologne
Renewi Tour
UAE Tour
Santos Tour Down Under
Paris Tours
Giro dell'Emilia
Tre Valli Varesine
Kuurne - Brussel - Kuurne
Milano - Torino
De Brabantse Pijl - La Flèche Brabançonne
Volta a la Comunitat Valenciana
Tour of Oman
Vuelta a Andalucia Ruta Ciclista Del Sol
Tour of the Alps
Tour of Hongria
Tour of Norway
Tour of Slovenia
Tour du Limousin
Vuelta a Burgos
Skoda Tour of Luxembourg
Amgen Tour of California
Volta ao Algarve em Bicicleta
 
Answer Stats
Answer % Correct
Tour de France
99%
Giro d'Italia
95%
World Championships Road Race
84%
Strade Bianche
46%
Il Lombardia
45%
Ronde van Vlaanderen
45%
Liège Bastogne Liège
44%
Amstel Gold Race
38%
La Fleche Wallone
38%
Paris Nice
26%
UAE Tour
26%
GP of Montreal
24%
Tirreno Adriatico
23%
Tour of Slovenia
19%
Volta Ciclista a Catalunya
19%
Giro dell'Emilia
16%
Amgen Tour of California
12%
Tre Valli Varesine
10%
Vuelta a Andalucia Ruta Ciclista Del Sol
10%
Volta ao Algarve em Bicicleta
8%
Volta a la Comunitat Valenciana
7%
No matching quizzes found
Score Distribution
Percent of People with Each Score
Percentile by Number Answered
Your Score History
You have not taken this quiz